000 00417nam a2200157Ia 4500
008 230524s9999 xx 000 0 und d
082 _a612
_bWID
100 _aWidmaier Raff Strang
_923691
245 0 _aVander's Human Physiology (The Mechanisms of Body Function)
250 _a10TH
260 _aNEW DELHI
_bMGH
_c2006
300 _aXXI;801
500 _aQuantity Number: 1
650 _aBiomedical
942 _cBK
999 _c35237
_d35237